| 000 | 00504nam a22001577a 4500 | ||
|---|---|---|---|
| 008 | 160317b xxu||||| |||| 00| 0 eng d | ||
| 020 | _a0415626415 | ||
| 040 |
_aKABU _cKABU |
||
| 050 |
_aML3920 _b.A34 2014 |
||
| 100 | _aAigen, Kenneth S. | ||
| 245 |
_aThe study of music therapy _bcurrent issues and concepts _cKenneth S. Aige |
||
| 260 |
_aNew York _bRoutledge _c2014 |
||
| 300 | _axviii, 262p. | ||
| 650 |
_amusic therapy _xresearch |
||
| 942 |
_2lcc _cBK _hML3920 .A34 2014 C.1 |
||
| 999 |
_c15810 _d15810 |
||